Technical education, Vol. 1 : (Record no. 515798)

000 -LEADER
fixed length control field 00380nam a22001217a 4500
082 ## - DEWEY DECIMAL CLASSIFICATION NUMBER
Classification number TNC P62x54 N191
100 ## - MAIN ENTRY--PERSONAL NAME
Personal name Natarajan, R.
9 (RLIN) 21768
245 ## - TITLE STATEMENT
Title Technical education, Vol. 1 :
Remainder of title Current status and future directions
Statement of responsibility, etc by R. Natarajan
260 ## - PUBLICATION, DISTRIBUTION, ETC. (IMPRINT)
Place of publication, distribution, etc Hyderabad
Name of publisher, distributor, etc ICFAI
Date of publication, distribution, etc 2005
300 ## - PHYSICAL DESCRIPTION
Extent 191p.
650 ## - SUBJECT ADDED ENTRY--TOPICAL TERM
Topical term or geographic name as entry element Education - India
9 (RLIN) 21769
650 ## - SUBJECT ADDED ENTRY--TOPICAL TERM
Topical term or geographic name as entry element Technical education - India
9 (RLIN) 21770
Holdings
Withdrawn status Lost status Source of classification or shelving scheme Damaged status Koha normalized classification for sorting Not for loan Permanent location Current location Date acquired Full call number Barcode Date last seen Price effective from Koha item type
        TNC_P62X54_N191   Indian Institute of Public Administration Indian Institute of Public Administration 2021-02-08 TNC P62x54 N191 GR22406 2021-02-08 2021-02-08 GR

Powered by Koha